000
00314nam a22001337a 4500
008
170904b xxu||||| |||| 00| 0 eng d
020
_a
15205436(2011)14(1)
041
_a
eng
080
_a
070
100
_a
40
101
_a
MED
245
_a
MASS COMMUNICATION AND SOCIETY
_c
WILLIAMS.D.K
942
_2
udc
_c
BK
999
_c
26043
_d
26043